| 000 | 00448nam a2200181Ia 4500 | ||
|---|---|---|---|
| 001 | 18792 | ||
| 003 | IN-NITTTR | ||
| 005 | 20251114233218.0 | ||
| 008 | 251113s9999||||xx |||||||||||||| ||eng|| | ||
| 040 | _beng | ||
| 040 | _cIN-NITTTR | ||
| 041 | _aeng | ||
| 082 | _a006.3 R22 | ||
| 100 | _aBond, Alan H. | ||
| 245 | 0 |
_aReadings in distributed artificial intelligence / _cBond, Alan H., Gasser, Les |
|
| 700 | _a Gasser, Les | ||
| 942 |
_2ddc _cBK |
||
| 999 |
_c21426 _d21426 |
||